00558nam a2200181Ii 45000010005000000030009000050080041000140400033000550410008000880820017000961000029001132450045001422640096001873000012002833360026002953370028003213380027003498773CO-ViMGA241108s9999||||xx |||||||||||||| ||und|| aCO-ViMGAbspaerdacCO-ViMGA0 aunk04aC861.44-C2661 aJaime Cárdenas Moncada10aTelar de sueño (selección de poemas) 1a[Lugar de publicación no identificado] : Instituto de Cultura de Norte de Santander, 1994 avolumen atextbtxt2rdacontent aunmediatedbn2rdamedia avolumebnc2rdacarrier